| 000 | 00487nam a2200169 i 4500 | ||
|---|---|---|---|
| 001 | 57585 | ||
| 003 | ES-MaACL | ||
| 005 | 20230906163615.0 | ||
| 007 | t| | ||
| 008 | 031017s1979 sp ||||1| spa d | ||
| 100 | 1 |
_aDrucker, Peter F. _945678 |
|
| 245 | 1 | 3 |
_aLa gerencia de empresas / _cPeter F. Drucker ; [traducción de Luis Prats]. |
| 260 |
_a[Barcelona] : _bEdhasa, _c[1979] |
||
| 300 |
_a506 p. ; _c19 cm. |
||
| 700 | 1 |
_aPrats, Luis. _993695 |
|
| 852 |
_aES-MaACL _jA-10814 _bR.99981 |
||
| 999 |
_c57585 _d57585 |
||